|
|
|
|
| LEADER |
00000nam0a2200000 4500 |
| 001 |
246701 |
| 005 |
20240207131804.0 |
| 035 |
|
|
|a (RuTPU)RU\TPU\book\268154
|
| 090 |
|
|
|a 246701
|
| 100 |
|
|
|a 20131209d2013 m y0rusy50 ca
|
| 101 |
0 |
|
|a rus
|
| 102 |
|
|
|a RU
|
| 105 |
|
|
|a a j 001zy
|
| 200 |
1 |
|
|a Теория электропривода. Лабораторный практикум
|e учебное пособие
|f Ю. Н. Дементьев, И. Г. Однокопылов, С. М. Семенов
|g Национальный исследовательский Томский политехнический университет (ТПУ), Институт дистанционного образования (ИДО)
|
| 210 |
|
|
|a Томск
|c Изд-во ТПУ
|d 2013
|
| 215 |
|
|
|a 214 с.
|c ил.
|
| 320 |
|
|
|a Библиография в конце работ.
|
| 330 |
|
|
|a В лабораторном практикуме приведено описание лабораторных работ, содержащих материалы по исследованию параметров, статических и динамических режимов различных электроприводов.Наряду с традиционным содержанием каждой лабораторной работы широко представлено использование компьютерной техники для виртуального исследования электромеханических процессов в электроприводах и отображения (в зависимости от времени) режимных параметров электропривода. Пособие подготовлено на кафедре электропривода и электрооборудования и предназначено для студентов ИДО, обучающихся по направлению 140400 «Электроэнергетика и электротехника» и специальности 140604 «Электропривод и автоматика промышленных установок и технологических комплексов».
|
| 606 |
1 |
|
|a Электроприводы
|2 stltpush
|3 (RuTPU)RU\TPU\subj\20689
|9 45775
|
| 610 |
1 |
|
|a параметры
|
| 610 |
1 |
|
|a статические режимы
|
| 610 |
1 |
|
|a динамические режимы
|
| 610 |
1 |
|
|a асинхронные электроприводы
|
| 610 |
1 |
|
|a синхронные электроприводы
|
| 610 |
1 |
|
|a замкнутые электроприводы
|
| 610 |
1 |
|
|a шаговые электроприводы
|
| 610 |
1 |
|
|a электрические приводы
|
| 610 |
1 |
|
|a лабораторные практикумы
|
| 610 |
1 |
|
|a учебные пособия
|
| 610 |
1 |
|
|a труды учёных ТПУ
|
| 675 |
|
|
|a 62-83(076.5)
|v 3
|
| 700 |
|
1 |
|a Дементьев
|b Ю. Н.
|c специалист в области электротехники
|c заведующий кафедрой Томского политехнического университета, кандидат технических наук
|f 1953-
|g Юрий Николаевич
|3 (RuTPU)RU\TPU\pers\25853
|
| 701 |
|
1 |
|a Однокопылов
|b И. Г.
|c специалист в области электротехники
|c доцент Томского политехнического университета, кандидат технических наук
|f 1983-
|g Иван Георгиевич
|3 (RuTPU)RU\TPU\pers\27975
|9 12965
|
| 701 |
|
1 |
|a Семенов
|b С. М.
|c специалист в области электротехники
|c заведующий лабораторией Томского политехнического университета
|f 1951-
|g Сергей Михайлович
|3 (RuTPU)RU\TPU\pers\27976
|9 12966
|
| 712 |
0 |
2 |
|a Национальный исследовательский Томский политехнический университет (ТПУ)
|b Институт дистанционного образования (ИДО)
|3 (RuTPU)RU\TPU\col\16612
|
| 801 |
|
1 |
|a RU
|b 63413507
|c 20131209
|
| 801 |
|
2 |
|a RU
|b 63413507
|c 20131212
|g RCR
|
| 942 |
|
|
|c BK
|